RICS European housing review 2011 (Record no. 112038)

MARC details
000 -LEADER
fixed length control field 01765cad a22002535a 4500
001 - CONTROL NUMBER
control field L152400
008 - FIXED-LENGTH DATA ELEMENTS--GENERAL INFORMATION
fixed length control field 110301s2011 xxk 000 0 eng u
020 ## - INTERNATIONAL STANDARD BOOK NUMBER
International Standard Book Number 9781842196588
035 ## - SYSTEM CONTROL NUMBER
System control number (Sirsi) u152400
041 0# - LANGUAGE CODE
Language code of text/sound track or separate title eng
050 ## - LIBRARY OF CONGRESS CALL NUMBER
Classification number 306.1094 $2 18
100 1# - MAIN ENTRY--PERSONAL NAME
Personal name Ball, Michael
245 00 - TITLE STATEMENT
Title RICS European housing review 2011
Remainder of title executive summary
Medium [electronic resource]
260 ## - PUBLICATION, DISTRIBUTION, ETC.
Place of publication, distribution, etc. London
Name of publisher, distributor, etc. RICS
Date of publication, distribution, etc. 2011
490 #0 - SERIES STATEMENT
Series statement RICS European Housing Review
Volume/sequential designation 2011
520 ## - SUMMARY, ETC.
Summary, etc. Looks at the performance of European housing markets in 2010, analysing trends across the continent in areas such as inflation, building activity, mortgage markets and turnover. Majority of European housing markets are showing signs of recovery. Nordic countries, Germany, France and Belgium experienced increases in real house prices in 2010. Ireland, Hungary and Cyprus experienced significant falls whilst Spain, Greece and Portugal saw moderate falls. Prices were slightly down in the UK, Netherlands, Poland and Italy with Baltic States beginnng to show signs of recovering following major crashes. Mortgage constraints are affecting many markets. Mortgage interest rates remain low. Housebuilding is down across Europe and is severely dragging the recover in most places. Price increases are leading other market indicators such as transactions and housebuilding. (Full report see L152395)
590 ## - LOCAL NOTE (RLIN)
Local note KA
650 24 - SUBJECT ADDED ENTRY--TOPICAL TERM
Topical term or geographic name entry element RICS EUROPEAN HOUSING REVIEW
651 #4 - SUBJECT ADDED ENTRY--GEOGRAPHIC NAME
Geographic name Europe
690 ## - LOCAL SUBJECT ADDED ENTRY--TOPICAL TERM (OCLC, RLIN)
Topical term or geographic name as entry element PROPERTY-RESIDENTIAL PROPERTY-RESIDENTIAL PROPERTY MARKET
710 2# - ADDED ENTRY--CORPORATE NAME
Corporate name or jurisdiction name as entry element Royal Institution of Chartered Surveyors
Subordinate unit Europe
9 (RLIN) 5921
856 40 - ELECTRONIC LOCATION AND ACCESS
Uniform Resource Identifier <a href="https://www.rics.org/site/download_feed.aspx?fileID=8883&fileExtension=PDF">https://www.rics.org/site/download_feed.aspx?fileID=8883&fileExtension=PDF</a>
Public note View the report free of charge on the www.rics.org website.
942 ## - ADDED ENTRY ELEMENTS (KOHA)
Suppress in OPAC 0
Holdings
Withdrawn status Lost status Source of classification or shelving scheme Damaged status Not for loan Home library Current library Shelving location Date acquired Total Checkouts Full call number Barcode Date last seen Copy number Price effective from Koha item type
    Dewey Decimal Classification     Virtual Virtual Online 01/03/2011   ONLINE PUBLICATION 152400-2001 06/08/2019 1 06/08/2019 Book